000
00265nam a2200109Ia 4500
008
190907s9999||||xx |||||||||||||| ||und||
100
_a
Ashfaq Hussain
245
0
_a
Gentle Man : Alhamdullah
260
_a
Lahore
_b
Idaraha Matbooaat
_c
2001
300
_a
232
942
_c
BK
999
_c
6229
_d
6229